Darren Smith Description Quiz Stats

 Plays Quiz not verified by Sporcle

Challenge
Share
Tweet
Embed
Score 0/10 Timer 05:00
0 Plays Today
% Correct
Sexy
75%
Funny
75%
Harry Potter
50%
Mudblood Mormon
33.3%
Vain
33.3%
Delicious
33.3%
Musically Talented
16.7%
Expert Weight Loser
16.7%
Chatty
16.7%
Poser
0%

You're not logged in!

Compare scores with friends on all Sporcle quizzes.
OR
Log In

You Might Also Like...

Show Comments

Extras

Created Mar 31, 2010ReportNominate
Tags:darren, description, smith

Top Quizzes Today


Score Distribution

Your Account Isn't Verified!

In order to create a playlist on Sporcle, you need to verify the email address you used during registration. Go to your Sporcle Settings to finish the process.

Report this User

Report this user for behavior that violates our Community Guidelines.

Details: